[Event "AUTO-OPEN-1838"]
[Site "http://www.queenalice.com/game.php?id=827818"]
[Date "2010.9.4"]
[Round "2"]
[White "Sin_personalidad"]
[Black "pjhunt"]
[Result "0-1"]
[WhiteElo "1985"]
[BlackElo "2212"]

1. e4 c5 2. Nf3 d6 3. d4 cxd4 4. Nxd4 Nf6 5. Nc3 a6 6. Bd3 Nc6 7. Be3 Nxd4 8.
Bxd4 e5 9. Be3 Be7 10. O-O O-O 11. h3 Be6 12. a4 d5 13. exd5 Nxd5 14. Nxd5 Qxd5
15. c4 Qc6 16. Qd2 Rad8 17. Qc3 Rxd3 18. Qxd3 Bxc4 19. Qc3 Bxf1 20. Qxc6 bxc6
21. Kxf1 f5 22. Rc1 Rc8 23. a5 c5 24. b4 c4 25. Bc5 Kf7 26. Rxc4 Bxc5 27. Ke2 g5
28. f3 h5 29. Rxc5 Rxc5 30. bxc5 Ke6 31. g4 fxg4 32. fxg4 hxg4 33. hxg4 Kd5 34.
Ke3 Kxc5 35. Ke4 Kb5 36. Kxe5 Kxa5 37. Kd4 Kb4 38. Kd3 Kb3 39. Kd2 Kb2 0-1

[Event "AUTO-OPEN-1838"]
[Site "http://www.queenalice.com/game.php?id=827819"]
[Date "2010.9.4"]
[Round "2"]
[White "pjhunt"]
[Black "Sin_personalidad"]
[Result "0-1"]
[WhiteElo "2217"]
[BlackElo "1965"]

1. c4 e6 2. Nc3 d5 3. d4 Nf6 4. Bf4 Nc6 5. e3 Be7 6. Nf3 O-O 7. Be2 Nh5 8. Ne5
Nxf4 9. exf4 Nxe5 10. fxe5 dxc4 11. Bxc4 a6 12. O-O b5 13. Bb3 Bb7 14. Re1 b4
15. Ne2 c5 16. dxc5 Bxc5 17. Ng3 Qb6 18. Re2 Rfd8 19. Qc2 Rd4 20. Rd1 Rad8 21.
Rxd4 Bxd4 22. Kf1 a5 23. Qc1 a4 24. Bd1 Ba6 25. Qd2 Bc3 26. Qc2 Bxb2 27. Ke1
Bc3+ 28. Kf1 Rd2 29. Qc1 Rxa2 30. Kg1 Bxe2 31. Nxe2 Qc5 32. Qb1 Ra1 33. Qd3 Qc7
34. g3 Bxe5 35. Kg2 Ra3 36. Qc2 Qxc2 37. Bxc2 Ra2 38. Bd3 Rxe2 39. Bxe2 a3 40.
Bc4 Kf8 41. Kf1 Ke7 42. Ke1 Kd6 43. Kd2 Kc5 44. Kd3 Kd6 45. h3 f5 46. g4 h6 47.
f3 g6 48. Bb3 Bc3 49. Ba2 Ke5 50. h4 Kf6 51. Ke3 e5 52. Bd5 Be1 53. h5 gxh5 54.
Ke2 hxg4 55. Kxe1 gxf3 56. Kf2 e4 57. Bb3 h5 0-1

[Event "Challenge #31"]
[Site "http://www.queenalice.com/game.php?id=838871"]
[Date "2010.9.27"]
[Round "-"]
[White "Aylton"]
[Black "pjhunt"]
[Result "1-0"]
[WhiteElo "2104"]
[BlackElo "2290"]

1. d4 e6 2. c4 Nf6 3. Nc3 Bb4 4. Bd2 d5 5. e3 O-O 6. Nf3 c5 7. dxc5 Bxc5 8. a3
a5 9. cxd5 exd5 10. Be2 Nc6 11. O-O d4 12. exd4 Nxd4 13. Nxd4 1-0

[Event "Challenge #32"]
[Site "http://www.queenalice.com/game.php?id=838872"]
[Date "2010.9.27"]
[Round "-"]
[White "pjhunt"]
[Black "Aylton"]
[Result "0-1"]
[WhiteElo "2309"]
[BlackElo "2080"]

1. c4 e5 2. Nc3 Nc6 3. Nf3 d6 4. d4 exd4 5. Nxd4 Bd7 6. e4 Nf6 7. Be2 Be7 8. O-O
O-O 9. Bf4 a6 10. Nxc6 Bxc6 11. Qc2 Re8 12. Nd5 Nxd5 13. cxd5 Bd7 0-1

[Event "AUTO-OPEN-1745"]
[Site "http://www.queenalice.com/game.php?id=841067"]
[Date "2010.10.2"]
[Round "3"]
[White "merth"]
[Black "pjhunt"]
[Result "1-0"]
[WhiteElo "2453"]
[BlackElo "2217"]

1. e4 c5 2. Nf3 d6 3. d4 cxd4 4. Qxd4 Nc6 5. Bb5 Bd7 6. Qc4 Rc8 7. Nc3 a6 8.
Bxc6 Rxc6 9. Qd3 g6 10. O-O Bg7 11. Re1 Nf6 12. e5 dxe5 13. Nxe5 Rc5 14. Qd4 Rc7
15. Be3 Ng4 16. Bf4 g5 17. Bg3 O-O 18. Rad1 f5 19. Qb6 Bxe5 20. Bxe5 Nxe5 21.
Rxe5 e6 22. Rxe6 Rf7 23. Red6 Qc8 24. Qe3 g4 25. Nd5 f4 26. Qe1 Qd8 27. Nxc7
Qxc7 28. Rxd7 1-0

[Event "AUTO-OPEN-1745"]
[Site "http://www.queenalice.com/game.php?id=841068"]
[Date "2010.10.2"]
[Round "3"]
[White "pjhunt"]
[Black "merth"]
[Result "0-1"]
[WhiteElo "2222"]
[BlackElo "2450"]

1. c4 c5 2. Nf3 Nc6 3. d4 cxd4 4. Nxd4 e5 5. Nb5 d6 6. N1c3 a6 7. Na3 Nf6 8. e4
Be7 9. Nc2 O-O 10. Bd3 Be6 11. Nd5 b5 12. cxb5 axb5 13. O-O Nxd5 14. exd5 Bxd5
15. Bxh7+ Kxh7 16. Qxd5 Qd7 17. f4 Bf6 18. Qxb5 Kg8 19. Rd1 Rfe8 20. Qb3 Rab8
21. Qh3 Qc7 22. f5 e4 23. Qg3 Be5 24. Qg4 Qb6+ 25. Be3 Qxb2 26. Rac1 Rbc8 27. f6
Bxf6 28. Rxd6 Ne5 0-1

[Event "AUTO-OPEN-1745"]
[Site "http://www.queenalice.com/game.php?id=841071"]
[Date "2010.10.2"]
[Round "3"]
[White "pjhunt"]
[Black "lfcanales"]
[Result "1-0"]
[WhiteElo "2212"]
[BlackElo "1946"]

1. c4 e5 2. Nc3 Nc6 3. Nf3 Bc5 4. e3 d6 5. a3 Nf6 6. d4 exd4 7. exd4 Bb6 8. Be2
h6 9. O-O O-O 10. Qd3 Re8 11. h3 a6 12. b4 Qe7 13. Be3 Ne4 14. Nd5 Qd7 15. Nxb6
cxb6 16. d5 Nd8 17. Bxb6 f5 18. Nd2 Qf7 19. Nxe4 fxe4 20. Qg3 Bf5 21. Qxd6 Qg6
22. Qxg6 Bxg6 23. c5 Bf7 24. Bc4 Re5 25. Rad1 Kh8 26. Bc7 1-0

[Event "AUTO-OPEN-1745"]
[Site "http://www.queenalice.com/game.php?id=841072"]
[Date "2010.10.2"]
[Round "3"]
[White "lfcanales"]
[Black "pjhunt"]
[Result "0-1"]
[WhiteElo "1941"]
[BlackElo "2216"]

1. e4 c5 2. Nc3 d6 3. Bc4 Nc6 4. d3 Nf6 5. Nf3 e6 6. O-O Be7 7. Bf4 e5 8. Bg3
O-O 9. h3 Qb6 10. Na4 Qa5 11. Bb3 c4 12. dxc4 Nxe4 13. Re1 Nxg3 14. fxg3 Bf5 15.
Nc3 Qc5+ 16. Kh1 Rad8 17. Qd2 a6 18. Nd5 h6 19. h4 Rd7 20. a3 Bd8 21. c3 Na5 22.
Ba2 Nxc4 23. Bxc4 Qxc4 24. Ne3 Qd3 25. Nxf5 Qxf5 0-1

[Event "AUTO-OPEN-1722"]
[Site "http://www.queenalice.com/game.php?id=875080"]
[Date "2010.12.22"]
[Round "3"]
[White "pjhunt"]
[Black "ezekiel4a21"]
[Result "0-1"]
[WhiteElo "2224"]
[BlackElo "2081"]

1. c4 Nf6 2. Nc3 e5 3. Nf3 d6 4. d4 e4 5. Ng5 Bf5 6. f3 exf3 7. gxf3 h6 8. Nh3
Be7 9. e4 Bd7 10. Rg1 Rg8 0-1

[Event "AUTO-OPEN-1717"]
[Site "http://www.queenalice.com/game.php?id=920770"]
[Date "2011.4.2"]
[Round "3"]
[White "pjhunt"]
[Black "pcmvr"]
[Result "1-0"]
[WhiteElo "2198"]
[BlackElo "1821"]

1. c4 e6 2. Nf3 Nf6 3. Nc3 d5 4. d4 Be7 5. Bf4 O-O 6. e3 c5 7. dxc5 Bxc5 8. Qc2
Nc6 9. a3 Qa5 10. Nd2 Be7 11. Nb3 Qb6 12. cxd5 Nxd5 13. Na4 Qd8 14. Bg3 1-0

[Event "AUTO-OPEN-1717"]
[Site "http://www.queenalice.com/game.php?id=920771"]
[Date "2011.4.2"]
[Round "3"]
[White "pcmvr"]
[Black "pjhunt"]
[Result "0-1"]
[WhiteElo "1823"]
[BlackElo "2197"]

1. b4 e6 2. Bb2 Nf6 3. b5 a6 4. a4 axb5 5. axb5 Rxa1 6. Bxa1 d5 7. Nf3 Bd6 8. e3
Nbd7 9. c4 O-O 10. d4 b6 11. Nc3 Bb7 12. Bd3 dxc4 13. Bxc4 Ne4 0-1

[Event "AUTO-OPEN-1838"]
[Site "http://www.queenalice.com/game.php?id=956666"]
[Date "2011.7.4"]
[Round "3"]
[White "pjhunt"]
[Black "rodriguesr"]
[Result "0-1"]
[WhiteElo "2166"]
[BlackElo "2094"]

1. c4 Nf6 2. Nc3 c6 3. d4 d5 4. e3 Bf5 5. cxd5 cxd5 6. Qb3 Qd7 7. Nf3 e6 8. Bb5
Nc6 9. Ne5 Qc7 10. Qa4 Rc8 11. Qxa7 Bd6 0-1

[Event "AUTO-OPEN-1838"]
[Site "http://www.queenalice.com/game.php?id=956667"]
[Date "2011.7.4"]
[Round "3"]
[White "rodriguesr"]
[Black "pjhunt"]
[Result "1-0"]
[WhiteElo "2110"]
[BlackElo "2152"]

1. d4 e6 2. c4 b6 3. a3 Nf6 4. Nc3 d5 5. cxd5 exd5 6. Bg5 Be7 7. Nf3 O-O 8. e3
c5 9. Be2 Nc6 10. O-O Bf5 11. Rc1 1-0